000 00294nam a2200121Ia 4500
008 240731s9999 xx 000 0 und d
022 _a1745-1043
245 0 _aCommunication Reports
260 _bRoutledge
856 _uhttps://www.tandfonline.com/loi/rcrs20
942 _2ddc
942 _cTFEJ
999 _c75981
_d75981
945 _a1
_bMadushi Gamage
_c1
_dMadushi Gamage